000 00584nam a2200265Ia 4500
005 20260306164151.0
008 008 260114s9999 xx 000 0 eng d
020 _a9780823266913
037 _aEBOOK
040 _aCRL
040 _beng
040 _cCRL
041 _2eng
041 _aeng
084 _qCRL
100 _aSharma
245 0 _aInterdependence
260 _bFordham University Press
260 _c2016
650 _aPhilosophy
856 _uhttps://academic.oup.com/book/29786
942 _cEBOOK
999 _c1713015
_d1713015